000
00304nam a22001217a 4500
999
_c
165638
_d
165638
082
_a
_b
100
_a
Vijaya Padode
245
_a
Jainendra ke upanyas sahithya mein stree-purush sambandh/
_c
by Vijaya Padode.
260
_a
New Delhi:
_b
Mathura,
_c
2006.
300
_a
304p.
650
_a
942
_c
BK